| 000 | 00529nam a2200169Ia 4500 | ||
|---|---|---|---|
| 008 | 180921t2018 xxu||||| |||| 00| 0 sin d | ||
| 041 | _asin | ||
| 080 |
_a8-31 _bමැරිය |
||
| 100 | _aමැරියට්, කැප්ටන් | ||
| 245 | _aහිත හොඳ මාමා | ||
| 260 |
_bගොඩගේ _aකොළඹ _c2018 |
||
| 300 | _aසෙ.මි.22, පි.80 | ||
| 700 |
_aතිස්ස හේවාවිස්ස _eපරි. |
||
| 942 | _cBK | ||
| 999 |
_c12555 _d12555 |
||
| 003 | LK-CoDNM | ||
| 040 |
_aLK-CoDNM _dLK-CoDNM _eLK-CoDNM |
||